000 00571nam a2200229Ia 4500
003 OSt
005 20220918204836.0
006 a|||||r|||| 00| 0
007 ta
008 220917b |||||||| |||| 00| 0 eng d
024 _a114,391
037 _cTextual
040 _aARTS
_cARTS
_beng
041 _2eng
_aeng
082 _aV5:19:L3, H9
100 _aPetrie Charles
_997437
245 0 _aEarlier diplomatic history 1492-1713
260 _c1949
650 _aHISTORY
942 _hV5:19:L3, H9
_cTEXL
_2CC
999 _c237722
_d237722